MARC

LEADER 00000nam0a2200000 4500
001 315194
005 20231102002743.0
035 |a (RuTPU)RU\TPU\book\340627 
090 |a 315194 
100 |a 20160226d1982 m y0rusy50 ca 
101 1 |a rus  |c eng 
102 |a RU 
105 |a a z 000zy 
200 1 |a По тропам Срединной Азии  |e пер. с англ.  |f Ю. Н. Рерих 
210 |a Хабаровск  |c Хабаровское кн. изд-во  |d 1982 
215 |a 304 с.  |c ил. 
606 1 |a География  |2 stltpush  |3 (RuTPU)RU\TPU\subj\5918  |9 33902 
610 1 |a Средняя Азия 
610 1 |a путевые записки 
610 1 |a экспедиции 
610 1 |a путешествия 
610 1 |a исследования 
675 |a 91  |v 4 
700 1 |a Рерих  |b Ю. Н.  |g Юрий Николаевич 
801 1 |a RU  |b 63413507  |c 20160226 
801 2 |a RU  |b 63413507  |c 20171025  |g RCR 
942 |c BK